00920cam a2200253 i 45000010005000000030008000050050017000130080039000300200015000690350018000840400023001020410008001250820026001331000029001592450151001882600157003393000034004965000022005305040030005525260015005826500021005976500028006187000020006462236BD-RjUL20211208233517.0131210s19761974enka b 001 0 eng a0125229402 a(BD-RjUL)2263 aDLCcDLCdDLCbeng aeng00a153.852219bNUI 19761 aNuttin, Jozef M.,d1933-14aThe illusion of attitude change :btowards a response contagion theory of persuasion /cJozef M. Nuttin ; with the collaboration of Annie Beckers. aLondon ;aNew York :bPublished in cooperation with the European Association of Experimental Social Psychology by Academic Press,c1975.[REPRINTED 1976] axii, 236 p. :bill. ;c24 cm. aIncludes indexes. aBibliography: p. 217-221. bPsychology 0aAttitude change. 0aPersuasion (Psychology)1 aBeckers, Annie.